000 01154nam a2200265 i 4500
001 172046
003 ES-MaACL
005 20250830024640.0
008 090612s1990 sp |||| | spa d
017 _aM 11940-1990
020 _a84-220-1340-1
245 0 0 _aCatecismo católico para adultos
_b: la fe de la Iglesia /
_ctexto publicado por la Conferencia Episcopal Alemana ; presentación de José Manuel Estepa Llaurens ; [traducción por Eloy Rodríguez Navarro ; revisión técnica a cargo de Bartolomé Parera].
250 _a3ª ed.
260 _aMadrid :
_bBiblioteca de Autores Cristianos,
_c1990.
300 _aXX, 499 p. ;
_c20 cm.
490 1 _aBiblioteca de autores cristianos ;
_v500
594 _aTraducción de : Katholischer Erwachsenen Katechismus, das Glaubenbekenntnis der Kirche.
700 0 _aEstepa Llaurens, José Manuel.
_948112
700 0 _aRodríguez Navarro, Eloy.
_998696
700 0 _aParera Galmes, Bartolomé.
_989096
710 2 _aDeutsche Bischofskonferenz
_9140651
830 0 0 _aBiblioteca de autores cristianos
_v500
_9178679
852 _aES-MaACL
_jJ-487
_9R.46092
999 _c172046
_d172046